000 00560cab a2200217 4500
001 ABS60540
008 090401t1999 xxu||||| |||| 00| 0 eng d
035 _a(Sirsi) u93174
041 _aeng
245 _aRobin Ellis Ltd v Malwright Ltd
260 _c1999
350 _a0
490 _aConstruction Law Journal
_v[1999] 15 CLJ 2, 141-151(6)
650 _aEXPERT WITNESSES
650 _aINTERIM STATEMENTS
650 _aJOINT STATEMENTS
650 _aROBIN ELLIS LTD V MALWRIGHT LTD
690 _aLAW-CASE LAW
942 _n0
948 _c06/05/1999
999 _c59050
_d59050